000 01148nam a2200229Ia 4500
001 18183
003 GE_BSU
008 181216s||||||||xx |||||||||||||| ||und||
020 _a9994055186
040 _cGE_BSU
080 _a271.222-9(479.22)
245 _aწმიდა გრიგოლ ხანძთელი=St.Grigol Khandzteli
245 _cშემდგ.: მანანა ტუსკია
250 _aდაიბეჭდა უწმინდესისა და უნეტარესის,სრულიად საქართველოს კათოლიკოს-პატრიარქის ილია II-ის ლოცვა-კურთხევით
260 _aთბილისი
260 _bარტანუჯი
260 _c2006
300 _a225გვ.30სმ.
520 _aგარეკანზე ხანძთის წმ.გიორგის მონასტერი. ბუბა კუდავას ფოტო. რეზ. ინგ. ენ.
653 _aწმიდა გრიგოლ ხანძთელი=St.Grigol Khandzteli
942 _cBK
999 _c51223
_d51223